| 000 | 01994cam a2200265 a 4500 | ||
|---|---|---|---|
| 003 | OSt | ||
| 005 | 20201009152011.0 | ||
| 008 | 080312s2007 ck r 000 0 spa d | ||
| 015 | _aSSS | ||
| 020 | _a9789589841907 | ||
| 040 |
_aCO-BoPUJ _cCO-JMCR |
||
| 041 | 0 | _aspa | |
| 082 | 0 | 4 |
_a986.10631092 _bA973p _223 |
| 100 | 1 |
_aAyala Diago, César Augusto _eautor _911372 |
|
| 245 | 1 | 3 |
_aEl porvenir del pasado : _bGilberto Alzate Avendaño, sensibilidad leoparda y democracia : la derecha colombiana de los años treinta _cCésar Augusto Ayala Diago |
| 260 |
_aBogota : _bFundación Gilberto Alzate Avendaño, _c2007. |
||
| 300 |
_a559 páginas ; _c24 cm. |
||
| 490 | 0 | _aLa Carreta histórica | |
| 504 | _aIncluye referencias bibliográficas : páginas. 551-559 | ||
| 505 | 0 | _aPara comprender a Gilberto Alzate Avendaño. -- Gilberto Alzate Avendaño: entre la universidad y la política. -- Gilberto Alzate Avendaño y la páginas universitaria de el colombiano. -- La movilización electoral y el fin de la república conservadora. -- En la encrucijada de los años treinta. -- Las primeras elecciones de la República Liberal y la liberación del electorado colombiano -- La exposición de las derechas. La Acción Nacional Derechista. -- Alzate: la estrategia de la procesionalidad y la conquista en la calle. -- Gilberto Alzate Avendaño y la secretaria general del partido conservador. -- Alzate, las derechas y la creación de un partido propio. -- Campaña electoral conservadora con banderas del nacionalismo leopardo. -- La sensibilidad leoparda, Alzate y la candidatura presidencial de Mariano Ospina Pérez. -- La socialización oral del discurso dela sensibilidad Leoparda. -- La decantación nacionalista. -- Auge, crisis y disolución de la ANP. | |
| 600 | 1 | 4 |
_aAlzate Avendaño, Gilberto _d1910-1960 _xPensamiento político _911373 |
| 650 | 1 | 4 |
_aDerechas e izquierdas (Ciencias políticas) _911374 |
| 651 | 2 | 4 |
_aColombia _xPolítica y gobierno _y1929-1939 _911375 |
| 942 |
_2ddc _cBK |
||
| 999 |
_c6904 _d6904 |
||